00527nam a2200205Ia 4500008004100000020001800041050001600059050001400075100002200089245003200111245002100143260001500164260001700179260000900196300001600205300001100221500005100232650002200283650001600305180523s9999 xx 000 0 und d a0-07-226235-4 aMAIN HB 615 b.T46 2006 aThornberry, Neal. 0aLead like an entrepreneur / 0cNeal Thornberry. aNew York : bMcGraw-Hill, c2006 a272 pages : c24 cm. aIncludes bibliographical references and index. aEntrepreneurship. xLeadership.